Statistics for New Zealand Foreign Population

Click here to take the quiz!

General Stats

  • This quiz has been taken 204 times
  • The average score is 7 of 9

Answer Stats

NumberAnswer% Correct
62,712Australia
96%
256,164United Kingdom
96%
96,441China
94%
67,176India
90%
52,755Fiji
77%
50,658Samoa
70%
26,604South Korea
62%
37,299Philippines
57%
54,279South Africa
54%

Score Distribution

Percentile by Number Answered

Percent of People with Each Score

Your Score History

You have not taken this quiz